Statistics for Countries by same Name Length in 90 Seconds, with a Map

Click here to take the quiz!

General Stats

  • This quiz has been taken 762 times
  • The average score is 187 of 196

Answer Stats

Country % Correct
Lesotho
100%
Liberia
100%
Lebanon
100%
Latvia
100%
Kosovo
100%
Kuwait
100%
Malawi
100%
Malta
100%
Myanmar
100%
Namibia
100%
Morocco
100%
Monaco
100%
Mexico
100%
Moldova
100%
Kenya
100%
Jordan
100%
Guyana
100%
Haiti
100%
Guinea
100%
Grenada
100%
Ghana
100%
Greece
100%
Hungary
100%
Iceland
100%
Jamaica
100%
Japan
100%
Italy
100%
Israel
100%
India
100%
Ireland
100%
Nauru
100%
Nepal
100%
Tunisia
100%
Turkey
100%
Tonga
100%
Taiwan
100%
Sweden
100%
Syria
100%
Tuvalu
100%
Uganda
100%
Yemen
100%
Zambia
100%
Vietnam
100%
Vanuatu
100%
Ukraine
100%
Uruguay
100%
Sudan
100%
Spain
100%
Panama
100%
Poland
100%
Palau
100%
Norway
100%
Niger
100%
Nigeria
100%
Qatar
100%
Romania
100%
Serbia
100%
Somalia
100%
Senegal
100%
Samoa
100%
Russia
100%
Rwanda
100%
Germany
100%
Libya
100%
Bhutan
100%
Bolivia
100%
Cyprus
100%
Benin
100%
Denmark
100%
Bahrain
100%
Belgium
100%
Belize
100%
Brazil
100%
Brunei
100%
Chile
100%
China
100%
Comoros
100%
Croatia
100%
Canada
100%
Burundi
100%
Georgia
100%
Ecuador
100%
Belarus
100%
Algeria
100%
Andorra
100%
Egypt
100%
Finland
100%
Albania
100%
Gambia
100%
Gabon
100%
France
100%
Estonia
100%
Angola
100%
Bahamas
100%
Armenia
100%
Austria
100%
Eritrea
100%
Chad
99%
Cape Verde
99%
Mauritius
99%
Swaziland
99%
Costa Rica
99%
Togo
99%
Nicaragua
99%
Peru
99%
Venezuela
99%
Australia
99%
Singapore
99%
San Marino
99%
Argentina
99%
Oman
99%
Iran
99%
Indonesia
99%
Macedonia
99%
Cuba
99%
Lithuania
99%
East Timor
99%
Mali
99%
Iraq
99%
Laos
99%
Fiji
99%
Guatemala
99%
South Africa
98%
South Korea
98%
South Sudan
98%
Sri Lanka
98%
Dominica
98%
Kiribati
98%
Mauritania
98%
Sierra Leone
98%
Kazakhstan
98%
Slovakia
98%
Kyrgyzstan
98%
Slovenia
98%
Djibouti
98%
Bangladesh
98%
Ethiopia
98%
Azerbaijan
98%
Uzbekistan
98%
Honduras
98%
Zimbabwe
98%
Vatican City
98%
El Salvador
98%
Thailand
98%
Switzerland
98%
Barbados
98%
Saudi Arabia
98%
Tajikistan
98%
Tanzania
98%
Suriname
98%
Seychelles
98%
Madagascar
98%
New Zealand
98%
Cameroon
98%
Cambodia
98%
Pakistan
98%
Luxembourg
98%
Netherlands
98%
Malaysia
98%
Mongolia
98%
Colombia
98%
Montenegro
98%
Côte d'Ivoire
98%
Maldives
98%
Mozambique
98%
Burkina Faso
98%
North Korea
98%
Portugal
98%
Afghanistan
98%
Saint Lucia
98%
Philippines
98%
Bulgaria
98%
Paraguay
98%
Botswana
98%
United States
95%
Guinea-Bissau
95%
Turkmenistan
95%
United Kingdom
91%
Czech Republic
91%
Liechtenstein
91%
Solomon Islands
74%
Papua New Guinea
74%
Central African Republic
67%
São Tomé and Príncipe
66%
Republic of the Congo
66%
Saint Kitts and Nevis
66%
United Arab Emirates
66%
Trinidad and Tobago
61%
Dominican Republic
61%
Antigua and Barbuda
61%
Equatorial Guinea
53%
Democratic Republic of the Congo
51%
Saint Vincent and the Grenadines
51%
Bosnia and Herzegovina
47%
Marshall Islands
41%
Federated States of Micronesia
32%

Score Distribution

Percentile by Number Answered

Percent of People with Each Score

Your Score History

You have not taken this quiz